Générique Tortues Ninja - Paroles - Statistiques

Statistiques générales
  • Ce quiz a été pris 20 fois
  • Le résultat moyen est 8 sur 22
Statistiques - réponses
Paroles % Correct
{Tortues} ninja, tortues {ninja},
93%
{tortues} ninja, tortues {ninja},
86%
{tortues} ninja tortues {ninja},
86%
{Tortues} ninja, tortues {ninja},
50%
{tortues} ninja, tortues {ninja}
50%
{Chevaliers} {d'écailles} et de vinyle
43%
et font {la} {loi}
43%
Quatre tortues d'enfer {dans} {la} {ville}
43%
{Tortues} ninja, tortues {ninja}
43%
Ce sont des {guerriers} {fantastiques}
29%
Ils sortent les {nunchak'} c'est la panique
29%
{kowabunga} le cri des ninjas
29%
{Tortues} ninja, tortues {ninja},
29%
{Tortues} ninja, tortues {ninja},
29%
{tortues} ninja tortues {ninja},
29%
Ils sont les {meilleurs}
21%
ils sortent les {katanas}
21%
{kowabunga} le cri des ninjas
21%
On est là pour {rigoler}
21%
Pour venger {Splinter},
21%
Mais quand il s'agit d'{s'amuser}
14%
Finie la {terreur},
0%
Aucun quiz correspondant
Distribution des résultats
% des personnes avec chaque résultat
Percentile par nombre de réponses
Votre historique - résultats
Vous n’avez pas pris ce quiz